| 000 | 00423nam a2200157 4500 | ||
|---|---|---|---|
| 001 | 107731 | ||
| 003 | ES-MaACL | ||
| 005 | 20230906184459.0 | ||
| 007 | t| | ||
| 008 | 061121s1971 sp r ||||1| spa d | ||
| 100 | 0 |
_aMoreno Báez, Enrique. _983328 |
|
| 245 | 1 | 4 |
_aLos cimientos de Europa / _cEnrique Moreno Baez. |
| 260 |
_aMadrid : _bTaurus, _c1971. |
||
| 300 |
_a248 p. ; _c21. |
||
| 852 |
_aES-MaACL _jC-38791 _bR.78883 |
||
| 999 |
_c107731 _d107731 |
||